Top 25 Travis Scott Songs - Statistics

General Stats
  • This quiz has been taken 387 times
  • The average score is 15 of 25
Answer Stats
# Album Score Answer % Correct
4 ASTROWORLD 93 SICKO MODE
92%
1 Rodeo 97 90210
87%
10 Birds in the Trap 91 goosebumps
85%
2 Rodeo 94 Nightcrawler
77%
12 UTOPIA 91 My Eyes
73%
7 Rodeo 92 Antidote
72%
6 ASTROWORLD 92 STARGAZING
71%
15 Rodeo 90 Apple Pie
70%
11 Days Before Rodeo 91 Drugs You Should Try It
66%
5 Rodeo 92 Maria I'm Drunk
65%
13 Rodeo 91 3500
64%
19 ASTROWORLD 90 SKELETONS
60%
23 ASTROWORLD 87 CAN'T SAY
59%
14 Rodeo 91 Pornography
57%
8 Rodeo 92 Oh My Dis Side
52%
20 UTOPIA 89 TELEKINESIS
52%
24 Rodeo 87 Impossible
50%
22 UTOPIA 88 TIL FURTHER NOTICE
49%
9 ASTROWORLD 91 STOP TRYING TO BE GOD
48%
17 Birds in the Trap 90 pick up the phone
47%
18 Rodeo 90 Pray 4 Love
47%
16 UTOPIA 90 HYAENA
45%
25 ASTROWORLD 87 NO BYSTANDERS
42%
3 Rodeo 94 Ok Alright
38%
21 Rodeo 88 Never Catch Me
37%
No matching quizzes found
Score Distribution
Percent of People with Each Score
Percentile by Number Answered
Your Score History
You have not taken this quiz